1195 1208 1165 1922 1925 1781 1849 1863 1442 1395 1379 1714 1883 1428 1560 1898 1345 1307 1391 1792 1175 1793 1221 1622 1417 1255 1475 1492 1152 1783 1207 1467 1785 1063 1003 1491 1427 1202 1941 1311 1842 1154 1536 1674 1566 1399 1135 1326 1641 1096 1245 1822 1873 1320 1848 1171 1198 1005 1972 1422 1135 1311 1688 1191 1028 1972 1877 1946 1818 1562 1898 1355 1058 1831 1040 1568 1074 1446 1518 1090 1926 1819 1857 1551 1030 1339 1845 1024 1054 1934 1108 1270 1381 1946 1353 1446 1098 1081 1029 BCNSPRNW ULIB Ver.6.0+V

เปลี่ยนเป็นภาษาไทย

Change to English
 แสดงรายละเอียดบรรณานุกรม
  กลับหน้าหลัก

Brief Record : Get Marc (ISO 2709) : E-mail record : QR code < ปิดหน้าต่าง
LEADER : 00000nam 2200000uu 4500
001    13399112211
003     ULIB
008    110627s2549||||th 000 0 tha d
099    วจ.BF576^bอ419ค
100 0  อรุณี ชุนหบดี
245 00 ความสัมพันธ์ระหว่างค่านิยมทางเพศ พฤติกรรมเสี่ยงทางเพศ และความฉลาดทางอารมณ์ ของนักเรียนชั้นมัธยมศึกษาตอนต้นในจังหวัดตรัง/^cอรุณี ชุนหบดี
260    ตรัง :^bวิทยาลัยพยาบาลบรมราชชนนี ตรัง,^c2549
300    51 หน้า
650  7 ความฉลาดทางอารมณ์^xวิจัย
650  7 ค่านิยมทางเพศ^xวิจัย
650  7 พฤติกรรมเสี่ยงทางเพศ^xวิจัย
945    ^p0^l0^i020838
945    ^p0^l0^i020870
995    ทศพร
999 ^a ใช้งานได้ทุกระบบ
รายการนี้ยังไม่มีแท็ก
คุณยังไม่ได้ล็อกอิน คุณสามารถมีกิจกรรมร่วมกับเว็บไซต์ได้ แต่ต้องล็อกอินก่อน ::
  ล็อกอิน

รายการสื่อสารสนเทศ

ลำดับที่ ประเภท เลขเรียก/บาร์โค้ด สถานที่ สถานะ
- ไม่พบข้อมูล -

BibComment


ยังไม่เคยถูกคอมเมนท์

คอมเมนท์ทรัพยากรรายการนี้
  คอมเมนท์: ความสัมพันธ์ระหว่..


 Copyright 2026. Bcnsprnw @Library